000 00630nam a2200229Ia 4500
003 OSt
005 20140317075912.0
008 140130s9999 xx 000 0 und d
020 _a0439042860
050 _aPZ 7
_b.K83692At 1999
100 _aKorman, Justine.
245 _cJustine Korman.
_aTonka :
_bat the auto repair center /
260 _bScholastic Inc.,
_cc1999.
_aUSA :
300 _a30 p. :
_bcol. ill. ;
_c23 cm.
440 _v1
521 _aG2
526 _c420
650 _aAutomobile repair shops
_xFiction.
650 _aAutomobiles
_xMaintenance and repair
_xFiction.
942 _cBK
_2lcc
999 _c40315
_d40315